00470 aa a2200157 4500008004100000010001400041020001500055020001600070035001300086082001200099100002300111245011300134260003900247260000900286300001700295081021t xxu||||| |||| 00| 0 eng d aENG-84554 a0195676327 c550.00 (hb) aEN-68087 a338.91  aChakravarti, Ashok aAid, institutions and development:bnew approaches to growth, governance and poverty /cby Ashok Chakravarti aNew DelhibOxford University Press c2005 ax,190pc22cm